| 000 | 01271nam a22002897a 4500 | ||
|---|---|---|---|
| 999 |
_c116948 _d116948 |
||
| 003 | 0 | ||
| 005 | 20190404131628.0 | ||
| 008 | 0 | ||
| 010 | _aB-075790 | ||
| 020 |
_c275.00 _a8171451668 |
||
| 035 | _aB-075790,B-075791, B-075794 | ||
| 037 | _bCen Lib/Ret | ||
| 040 |
_aDPL _bHN _c0 |
||
| 082 |
_aउ _bअग्रवा |
||
| 100 |
_aअग्रवाल, राधारमण _942466 |
||
| 245 |
_aमहा-परिवर्तन : _cराधारमण अग्रवाल _bअंधकार से निकलें-प्रकाश की ओर बढ़ें / |
||
| 246 |
_aMaha-parivartan : andhkar se niklen-prakash ki or badhen / _bby Radharaman Agarwal |
||
| 260 |
_aदिल्ली _bसन्मार्ग प्रकाशन _c2001 |
||
| 270 |
_a16, यू.बी.बैंगलो रोड, जवाहर नगर _bदिल्ली _e110007 |
||
| 300 |
_a283पृ. _c20सेमी(सजिल्द ) |
||
| 500 | _aसंदर्भ शामिल | ||
| 650 |
_aहिंदी साहित्य _x _z _969180 |
||
| 650 |
_aहिंदी उपन्यास _969181 |
||
| 650 |
_aHindi literature _v _969182 |
||
| 650 |
_aHindi fiction _927248 |
||
| 942 |
_2ddc _cHN _hउ _mअग्रवा |
||